| 000 | 00858nam a2200289 4500 | ||
|---|---|---|---|
| 003 | OSt | ||
| 005 | 20260530113859.0 | ||
| 008 | 260508b1980 |||ao||| |||| 00| 0 spa d | ||
| 020 | _a8431516569 | ||
| 020 | _a9788431516567 | ||
| 040 |
_aICI _bspa _cICI |
||
| 050 |
_aTL770 _bD3418 |
||
| 100 | 1 |
_ad'Agostino, Carlo _932125 |
|
| 245 | 1 | 0 |
_aModelismo aereo: _bManual práctico/ _cCarlo d'Agostino |
| 264 | 1 |
_bEditorial de Vecci _c1980 _aEspaña |
|
| 300 | _a222 páginas | ||
| 336 |
_atexto _2rdacontent |
||
| 337 |
_asin medio _2rdamedia |
||
| 338 |
_avolumen _2rdacarrier |
||
| 650 |
_aAeromodelismo _932126 |
||
| 650 |
_aModelos de aviones _932127 |
||
| 650 |
_aAeronáutica recreativa _932128 |
||
| 650 |
_aConstrucción de modelos _932129 |
||
| 650 |
_aManualidades técnicas _932130 |
||
| 650 |
_aAerodinámica aplicada _932131 |
||
| 942 |
_2lcc _cBK _n1 |
||
| 999 |
_c11733 _d11733 |
||